Carry On Film Stars (Photo Quiz) - Statistics

General Stats
  • This quiz has been taken 281 times
  • The average score is 13 of 20
Answer Stats
Picture Answer % Correct
Barbara Windsor
94%
Sid James
92%
Hattie Jacques
88%
Kenneth Williams
88%
Jim Dale
82%
Joan Sims
81%
June Whitfield
81%
Bernard Bresslaw
78%
Bernard Cribbins
78%
Charles Hawtrey
78%
Terry Scott
76%
Leslie Phillips
66%
Kenneth Connor
61%
Peter Butterworth
50%
Amanda Barrie
48%
Jack Douglas
39%
Bill Owen
37%
Liz Fraser
36%
Patsy Rowlands
32%
Julian Holloway
19%
No matching quizzes found
Score Distribution
Percent of People with Each Score
Percentile by Number Answered
Your Score History
You have not taken this quiz